Disco 2000 Lyrics (Pulp) - Statistics

General Stats
  • This quiz has been taken 169 times
    163 since last reset
  • The average score is 350 of 423
Answer Stats
Answer % Correct
We
95%
we
95%
you
95%
You
95%
you,
95%
a
94%
be
94%
Be
94%
I
94%
the
94%
all
93%
Deborah
93%
Deborah,
93%
my
93%
two
93%
were
93%
we're
93%
when
93%
When
93%
year
93%
2000
92%
It
92%
it
92%
me
92%
never
92%
up
92%
was
92%
Your
92%
your
92%
get
91%
in
91%
married
91%
"Let's
90%
meet
90%
that
90%
an
88%
at
88%
fully
88%
grown?
88%
house
88%
name
88%
on
88%
On
88%
very
88%
and
87%
And
87%
said
87%
small,
87%
to
87%
wall
87%
do
86%
Do
86%
of
86%
strange
86%
suited
86%
did
85%
with
85%
Won't
85%
would
85%
Would
85%
born
84%
brother
84%
sister
84%
ya
84%
you'd
84%
Oh,
83%
split
83%
thought
83%
came
81%
each
81%
other
81%
own
81%
within
81%
call,
80%
didn't
80%
down
80%
hour
80%
notice
80%
'round
80%
woodchip
80%
could
79%
knew
79%
recall?
79%
is
78%
often
78%
road"
77%
We'd
77%
grew
76%
living
76%
best
74%
first
74%
girl
74%
here
74%
Our
74%
school
74%
breasts
73%
but
73%
they
73%
boys
72%
can
72%
mothers
72%
Although
71%
baby?
71%
baby
71%
bring
71%
even
71%
fountain
70%
there
70%
undressed
70%
like
69%
so
69%
what
69%
What
69%
ago
67%
friends,
67%
maybe?
67%
by
66%
o'clock
66%
as
65%
loved
65%
mess
65%
years
65%
far
64%
Thursday,
64%
went
64%
come
63%
nothing
63%
popular
63%
walk
63%
home
62%
meant
62%
'Cause
59%
are
58%
watch
58%
Sunday,
57%
try
57%
used
57%
doing
53%
damp
52%
had
52%
lonely
52%
Lonely
52%
sometimes,
52%
Ooh,
48%
ooh-ooh-ooh,
48%
ooh-ooh-ooh
48%
'em
47%
yeah
38%
Martyn
16%
No matching quizzes found
Score Distribution
Percent of People with Each Score
Percentile by Number Answered
Your Score History
You have not taken this quiz since the last reset